Water quality management for coastal aquaculture / (Record no. 2590)

MARC details
000 -LEADER
fixed length control field 00679nam a22002417a 4500
001 - CONTROL NUMBER
control field BD-DhSAU 2590
003 - CONTROL NUMBER IDENTIFIER
control field BD-DhSAU
005 - DATE AND TIME OF LATEST TRANSACTION
control field 20150129130148.0
008 - FIXED-LENGTH DATA ELEMENTS--GENERAL INFORMATION
fixed length control field 150129b2008 ii a|||| |||| 001 0 eng d
020 ## - INTERNATIONAL STANDARD BOOK NUMBER
International Standard Book Number 8170355389
020 ## - INTERNATIONAL STANDARD BOOK NUMBER
International Standard Book Number 9788170355380
040 ## - CATALOGING SOURCE
Original cataloging agency BD-DhSAU
082 ## - DEWEY DECIMAL CLASSIFICATION NUMBER
Edition number 22
Classification number 553.7
Item number BAW
100 ## - MAIN ENTRY--PERSONAL NAME
Personal name Bandyopadhyay, Sukumar
245 ## - TITLE STATEMENT
Title Water quality management for coastal aquaculture /
Statement of responsibility, etc. Sukumar Bandyopadhyay
260 ## - PUBLICATION, DISTRIBUTION, ETC. (IMPRINT)
Place of publication, distribution, etc. Delhi :
Name of publisher, distributor, etc. Daya Publishing House ,
Date of publication, distribution, etc. 2008.
300 ## - PHYSICAL DESCRIPTION
Extent xx, 354 p. :
Other physical details ill. ;
Dimensions 24 cm.
504 ## - BIBLIOGRAPHY, ETC. NOTE
Bibliography, etc include index
590 ## - Name of Cataloguer
Name of Cataloger tamanna
650 ## - SUBJECT ADDED ENTRY--TOPICAL TERM
Topical term or geographic name as entry element chemistry
650 ## - SUBJECT ADDED ENTRY--TOPICAL TERM
Topical term or geographic name as entry element coastal aquaculture
650 ## - SUBJECT ADDED ENTRY--TOPICAL TERM
Topical term or geographic name as entry element water management
942 ## - ADDED ENTRY ELEMENTS (KOHA)
Source of classification or shelving scheme Dewey Decimal Classification
Koha item type Book
Holdings
Withdrawn status Lost status Source of classification or shelving scheme Damaged status Not for loan Home library Branch Name Shelving location Date acquired Total Checkouts Full call number Barcode Date last seen Price effective from Koha item type Collection code
    Dewey Decimal Classification     SAU Library SAU Library General Stacks 11/10/2009   553.7 BAW 36174 29/01/2015 29/01/2015 Book  
    Dewey Decimal Classification     SAU Library SAU Library General Stacks 11/10/2009   553.7 BAW 36173 29/01/2015 29/01/2015 Book  
    Dewey Decimal Classification   Not For Loan SAU Library SAU Library Reference 11/10/2009   553.7 BAW 36172 12/04/2015 12/04/2015 Book Reference